[Event "Rated Blitz game"]
[Site "?"]
[Date "2021.05.03"]
[Round "?"]
[White "z2win"]
[Black "annaly1979"]
[Result "0-1"]
[WhiteElo "2408"]
[BlackElo "2397"]
[PlyCount "124"]
[EventDate "2021.??.??"]
[EventType "blitz"]

1. e4 e5 2. Nf3 d5 3. d4 dxe4 4. Nxe5 Bd6 5. Nc4 Nf6 6. c3 h6 7. Nbd2 O-O 8.
Nxd6 cxd6 9. Nc4 Bf5 10. Be2 Nc6 11. O-O d5 12. Ne3 Bg6 13. Re1 a6 14. b4 Rc8
15. a4 Ne7 16. Qb3 Nf5 17. Ba3 Nxe3 18. fxe3 Qc7 19. Rac1 Rfe8 20. b5 a5 21. c4
dxc4 22. Bxc4 Qd7 23. h3 Nh5 24. Rf1 Ng3 25. Rf4 h5 26. Kh2 Ne2 27. Bxe2 Rxc1
28. Bxc1 Qd6 29. Kh1 Rc8 30. Ba3 Qc7 31. Bb2 Qc2 32. Qxc2 Rxc2 33. Bxh5 Bxh5
34. Ba3 Bg6 35. Bc5 Rc3 36. Bb6 Rxe3 37. Bxa5 Ra3 38. Bc7 Rxa4 39. b6 Rxd4 40.
g4 Rd3 41. Kg2 e3 42. Kf3 e2+ 43. Kxe2 Rxh3 44. Rd4 Kh7 45. Kf2 Rc3 46. Ke2 f6
47. Kd2 Rh3 48. Ke2 Kh6 49. Kf2 Be8 50. Bd6 Bc6 51. Bf8 Kg6 52. Bd6 Kf7 53. Bc7
Ke6 54. Rd6+ Kf7 55. Rxc6 bxc6 56. b7 Rb3 57. b8=Q Rxb8 58. Bxb8 Ke6 59. Ke3
Kd5 60. Kf4 g6 61. Bc7 c5 62. Bd8 Ke6 {Time forfeit} 0-1

[Event "Rated Blitz game"]
[Site "?"]
[Date "2021.05.03"]
[Round "?"]
[White "Nitrogue"]
[Black "pasha1984"]
[Result "1-0"]
[WhiteElo "2429"]
[BlackElo "2409"]
[PlyCount "99"]
[EventDate "2021.??.??"]
[EventType "blitz"]

1. e4 e5 2. Nf3 d5 3. exd5 e4 4. Qe2 Nf6 5. d3 Qxd5 6. Nbd2 Nc6 7. dxe4 Qh5 8.
Qb5 Bc5 9. Nb3 Nxe4 10. Be3 a6 11. Qa4 Bb4+ 12. c3 Nxc3 13. bxc3 Bxc3+ 14. Nfd2
Bxa1 15. Nxa1 O-O 16. Be2 Qg6 17. O-O Bd7 18. Qb3 Rab8 19. Rc1 Be6 20. Qb2 Bd5
21. Nf3 Rfe8 22. Nb3 b6 23. Rd1 Rbd8 24. g3 a5 25. Nbd4 Nxd4 26. Nxd4 c5 27.
Nb5 Qe4 28. Rxd5 Qxd5 29. Nc7 Qe5 30. Qxe5 Rxe5 31. Kg2 Rd7 32. Nb5 Rde7 33.
Kf3 h6 34. h4 g5 35. hxg5 hxg5 36. Nc3 g4+ 37. Kxg4 Rxe3 38. fxe3 Rxe3 39. Nd5
Rxe2 40. a4 Rd2 41. Nxb6 Rd4+ 42. Kf5 Rb4 43. Nd5 Rxa4 44. Ne7+ Kg7 45. Nd5 Rd4
46. Ne3 a4 47. Nc2 a3 48. Nxa3 Rd3 49. g4 Rg3 50. g5 {Time forfeit} 1-0

[Event "Rated Blitz game"]
[Site "?"]
[Date "2021.05.03"]
[Round "?"]
[White "Aram67-Shag"]
[Black "GoughPhar"]
[Result "0-1"]
[WhiteElo "2406"]
[BlackElo "2392"]
[PlyCount "46"]
[EventDate "2021.??.??"]
[EventType "blitz"]

1. e4 e5 2. Nf3 d5 3. d4 dxe4 4. Nxe5 Bd6 5. Nc3 Bxe5 6. dxe5 Qxd1+ 7. Kxd1
Bg4+ 8. Be2 Bf5 9. Bf4 Nc6 10. Bb5 O-O-O+ 11. Ke2 Nd4+ 12. Ke3 Nxc2+ 13. Ke2
Nxa1 14. Rxa1 Ne7 15. Bc4 Bg6 16. Nb5 a6 17. Nxc7 Kxc7 18. e6+ Kb6 19. Be3+ Kc7
20. Bf4+ Kc8 21. exf7 Nd5 22. Bg3 Bxf7 23. Rc1 Kd7 {Normal} 0-1

[Event "Rated Blitz game"]
[Site "?"]
[Date "2021.05.03"]
[Round "?"]
[White "adrianrdosina"]
[Black "KinzyabulatovRenat"]
[Result "0-1"]
[WhiteElo "2414"]
[BlackElo "2325"]
[PlyCount "42"]
[EventDate "2021.??.??"]
[EventType "blitz"]

1. e4 e5 2. Nf3 d5 3. Nxe5 Bd6 4. d4 dxe4 5. Nc4 Nf6 6. Nc3 O-O 7. Be2 Nc6 8.
Be3 Bb4 9. Qd2 Nd5 10. a3 Bxc3 11. bxc3 f5 12. Bf4 Kh8 13. h4 Be6 14. Ne5 Nxe5
15. Bxe5 f4 16. c4 e3 17. fxe3 Nxe3 18. Kf2 Bxc4 19. Bf3 Bd5 20. Qe2 Nf5 21.
Bxd5 Qxd5 {Normal} 0-1

[Event "Rated Blitz tournament jiNWPico"]
[Site "?"]
[Date "2021.05.03"]
[Round "?"]
[White "Dam666"]
[Black "Pepiton61"]
[Result "1-0"]
[WhiteElo "2525"]
[BlackElo "2220"]
[PlyCount "75"]
[EventDate "2021.??.??"]
[EventType "blitz"]

1. e4 e5 2. Nf3 d5 3. Nc3 d4 4. Ne2 f6 5. Ng3 Be6 6. Bb5+ c6 7. Ba4 Nd7 8. Bb3
Qe7 9. d3 O-O-O 10. Nf5 Bxf5 11. exf5 Nc5 12. O-O Qd7 13. Nh4 Ne7 14. Qf3 Kb8
15. Bc4 b5 16. Bb3 a5 17. Bd2 a4 18. Bb4 Nd5 19. Bxd5 Qxd5 20. b3 Qxf3 21. Nxf3
Nxb3 22. Bxf8 Nxa1 23. Bxg7 Nxc2 24. Bxf6 Rhf8 25. Bxd8 Rxd8 26. Nxe5 Kc7 27.
Rc1 Nb4 28. a3 Rd5 29. f4 Rxe5 30. fxe5 Nxd3 31. f6 Nxe5 32. Re1 d3 33. Kf1 Ng6
34. f7 c5 35. Re6 Nf8 36. Re8 Ng6 37. Rg8 b4 38. Rxg6 {Time forfeit} 1-0

[Event "Rated Blitz game"]
[Site "?"]
[Date "2021.05.03"]
[Round "?"]
[White "EnemyNoOne"]
[Black "KinzyabulatovRenat"]
[Result "1-0"]
[WhiteElo "2443"]
[BlackElo "2340"]
[PlyCount "71"]
[EventDate "2021.??.??"]
[EventType "blitz"]

1. e4 e5 2. Nf3 d5 3. d4 dxe4 4. Nxe5 Bd6 5. Nc4 Nf6 6. Bg5 O-O 7. Nc3 Bb4 8.
a3 Bxc3+ 9. bxc3 Nbd7 10. Be2 h6 11. Bh4 g5 12. Bg3 Nd5 13. Qd2 f5 14. Be5 f4
15. h4 b5 16. Nb2 Nxe5 17. dxe5 c6 18. hxg5 Qxg5 19. Bxb5 Be6 20. Bxc6 Rad8 21.
O-O-O Qxe5 22. Rxh6 Ne7 23. Qxd8 Rxd8 24. Rxd8+ Kg7 25. Rdh8 Nxc6 26. R8h7+ Kf8
27. Rh5 Qd6 28. R5h6 Nd8 29. Nc4 Qa6 30. Rf6+ Kg8 31. Ne5 Kxh7 32. Kd2 Qd6+ 33.
Ke1 Qxe5 34. Rf7+ Bxf7 35. Kd1 Qxc3 36. Kc1 {Time forfeit} 1-0

[Event "Rated Rapid game"]
[Site "?"]
[Date "2021.05.03"]
[Round "?"]
[White "Bismillah114"]
[Black "Melladov"]
[Result "0-1"]
[WhiteElo "2842"]
[BlackElo "2833"]
[PlyCount "48"]
[EventDate "2021.??.??"]
[EventType "rapid"]

1. e4 e5 2. Nf3 d5 3. Nxe5 Bd6 4. d4 dxe4 5. Bc4 Bxe5 6. Qh5 Qe7 7. Qxe5 Qxe5
8. dxe5 Nc6 9. Bf4 Nge7 10. Nc3 Ng6 11. Bg3 Ngxe5 12. Bxe5 Nxe5 13. Bb3 Bf5 14.
O-O-O Rd8 15. Rxd8+ Kxd8 16. Rd1+ Kc8 17. Nd5 Re8 18. f4 exf3 19. gxf3 Nxf3 20.
Rf1 Nd4 21. Ba4 Re5 22. c3 Ne2+ 23. Kd2 Rxd5+ 24. Kxe2 Bd3+ {Normal} 0-1

[Event "Rated Blitz game"]
[Site "?"]
[Date "2021.05.03"]
[Round "?"]
[White "bobchess2"]
[Black "qani"]
[Result "1-0"]
[WhiteElo "2413"]
[BlackElo "2215"]
[PlyCount "47"]
[EventDate "2021.??.??"]
[EventType "blitz"]

1. e4 e5 2. Nf3 d5 3. Nxe5 Bd6 4. d4 dxe4 5. Nc3 Nf6 6. Bg5 Bf5 7. Nxf7 Kxf7 8.
Bc4+ Kf8 9. f3 e3 10. O-O h6 11. Bxe3 Nc6 12. a3 Qd7 13. Qd2 Bg6 14. Ne4 Re8
15. Nxf6 gxf6 16. Bxh6+ Ke7 17. Bg7 Rh7 18. Rae1+ Kd8 19. Bxf6+ Kc8 20. Rxe8+
Bxe8 21. g3 Bf7 22. Bd3 Rh3 23. Qg5 Rh5 24. Qg4 {Time forfeit} 1-0

[Event "Rated Blitz game"]
[Site "?"]
[Date "2021.05.03"]
[Round "?"]
[White "angelgab"]
[Black "Slimslik02"]
[Result "1-0"]
[WhiteElo "2449"]
[BlackElo "2371"]
[PlyCount "115"]
[EventDate "2021.??.??"]
[EventType "blitz"]

1. e4 e5 2. Nf3 d5 3. Nc3 d4 4. Ne2 Nc6 5. Ng3 h5 6. Bc4 h4 7. Nf1 Nf6 8. d3
Bd6 9. h3 Nd7 10. Bg5 Be7 11. Qd2 Nb6 12. Bb5 Bxg5 13. Qxg5 Qxg5 14. Nxg5 Bd7
15. Nf3 f6 16. O-O-O Nb4 17. Bxd7+ Nxd7 18. Kb1 a5 19. c3 dxc3 20. bxc3 Nc6 21.
Ne3 Nb6 22. d4 a4 23. Nf5 Kf7 24. N5xh4 g6 25. dxe5 fxe5 26. Ng5+ Kf6 27. Nhf3
a3 28. h4 Ra5 29. Nd2 Rb5+ 30. Nb3 Na5 31. Kc2 Nac4 32. Rd3 Nd6 33. g3 Nbc4 34.
Rhd1 Rf8 35. Rf3+ Ke7 36. Rxf8 Kxf8 37. Rd3 Ke7 38. f4 b6 39. Rf3 exf4 40. gxf4
Kd7 41. e5 Nf5 42. Rd3+ Kc8 43. e6 Ncd6 44. Rh3 Rd5 45. h5 gxh5 46. Rxh5 Ne3+
47. Kb1 Nec4 48. Nd4 c5 49. e7 cxd4 50. Rh8+ Kd7 51. cxd4 Rxd4 52. Kc2 Kxe7 53.
Rh7+ Kf6 54. Nf3 Rxf4 55. Ne1 Rf2+ 56. Kc3 Rxa2 57. Nd3 Ra1 58. Rh6+ {Time
forfeit} 1-0

[Event "Rated Blitz game"]
[Site "?"]
[Date "2021.05.03"]
[Round "?"]
[White "Robertjordan2003"]
[Black "Jomajo"]
[Result "0-1"]
[WhiteElo "2521"]
[BlackElo "2632"]
[PlyCount "54"]
[EventDate "2021.??.??"]
[EventType "blitz"]

1. e4 e5 2. Nf3 d5 3. exd5 e4 4. Qe2 Qe7 5. Nd4 Nf6 6. Nc3 Qe5 7. Ndb5 a6 8. d4
Qe7 9. Na3 b5 10. Bg5 Nbd7 11. Naxb5 axb5 12. Nxb5 Nb6 13. Bxf6 gxf6 14. c4 Bg7
15. g3 O-O 16. a3 f5 17. Bg2 Ba6 18. O-O Bxb5 19. cxb5 Nxd5 20. Rac1 Rfe8 21.
Rfd1 f4 22. gxf4 Nxf4 23. Qg4 Nxg2 24. Kxg2 Rad8 25. Rc4 Rd6 26. Kh1 Rg6 27.
Qf5 Rf6 {Normal} 0-1

[Event "Rated Blitz game"]
[Site "?"]
[Date "2021.05.03"]
[Round "?"]
[White "petergo"]
[Black "annaly1979"]
[Result "0-1"]
[WhiteElo "2452"]
[BlackElo "2398"]
[PlyCount "40"]
[EventDate "2021.??.??"]
[EventType "blitz"]

1. e4 e5 2. Nf3 d5 3. Nxe5 Qe7 4. d4 f6 5. Nd3 Nc6 6. Be3 dxe4 7. Nf4 f5 8. Nc3
Nf6 9. Qd2 Qb4 10. O-O-O Bd6 11. Nfd5 Nxd5 12. Nxd5 Qxd2+ 13. Rxd2 Be6 14. c4
Bxd5 15. cxd5 Ne7 16. Bc4 a6 17. f3 f4 18. Bg1 e3 19. Rc2 Nf5 20. Bd3 Nxd4 {
Normal} 0-1

[Event "Rated Blitz game"]
[Site "?"]
[Date "2021.05.03"]
[Round "?"]
[White "TeddyPerez"]
[Black "Gifroy"]
[Result "0-1"]
[WhiteElo "2359"]
[BlackElo "2418"]
[PlyCount "48"]
[EventDate "2021.??.??"]
[EventType "blitz"]

1. e4 e5 2. Nf3 d5 3. exd5 e4 4. Qe2 Nf6 5. Nc3 Be7 6. Nxe4 O-O 7. d3 c6 8.
dxc6 Nxc6 9. Be3 Bg4 10. O-O-O Rc8 11. Kb1 Qa5 12. h3 Be6 13. c4 Nxe4 14. dxe4
b5 15. Nd2 Nb4 16. a3 bxc4 17. axb4 Bxb4 18. Nxc4 Bxc4 19. Qxc4 Rxc4 20. Bxc4
Rc8 21. Rd5 Qc7 22. Bb3 h6 23. Rc1 Qb7 24. Rf5 Qxe4+ {Normal} 0-1

[Event "Rated Blitz game"]
[Site "?"]
[Date "2021.05.03"]
[Round "?"]
[White "Robertjordan2003"]
[Black "Jomajo"]
[Result "0-1"]
[WhiteElo "2513"]
[BlackElo "2640"]
[PlyCount "44"]
[EventDate "2021.??.??"]
[EventType "blitz"]

1. e4 e5 2. Nf3 d5 3. Nxe5 Bd6 4. d4 dxe4 5. Nc4 Nc6 6. Nxd6+ Qxd6 7. c3 Nf6 8.
Nd2 O-O 9. Nc4 Qe6 10. Bf4 Nd5 11. Bg3 f5 12. Be5 b5 13. Na3 Nxe5 14. dxe5 c6
15. c4 Nf4 16. cxb5 Kh8 17. g3 Nd3+ 18. Bxd3 exd3 19. O-O cxb5 20. Nxb5 Bb7 21.
Nc3 Rad8 22. Qd2 f4 {Normal} 0-1

[Event "Rated Blitz game"]
[Site "?"]
[Date "2021.05.03"]
[Round "?"]
[White "Robertjordan2003"]
[Black "Jomajo"]
[Result "0-1"]
[WhiteElo "2516"]
[BlackElo "2638"]
[PlyCount "38"]
[EventDate "2021.??.??"]
[EventType "blitz"]

1. e4 e5 2. Nf3 d5 3. Nxe5 Bd6 4. d4 dxe4 5. Nc3 Bxe5 6. dxe5 Qxd1+ 7. Nxd1 Nc6
8. Bb5 Nge7 9. Nc3 Bf5 10. Bf4 O-O-O 11. Bxc6 Nxc6 12. O-O Nd4 13. Rac1 Ne6 14.
Bg3 h5 15. h4 Rd2 16. Rfe1 Nd4 17. Kf1 Nxc2 18. Re2 e3 19. fxe3 Bd3 {Normal}
0-1

[Event "Rated Blitz game"]
[Site "?"]
[Date "2021.05.03"]
[Round "?"]
[White "Shahnazcity"]
[Black "Gifroy"]
[Result "1-0"]
[WhiteElo "2503"]
[BlackElo "2438"]
[PlyCount "49"]
[EventDate "2021.??.??"]
[EventType "blitz"]

1. e4 e5 2. Nf3 d5 3. exd5 e4 4. Qe2 Nf6 5. Nc3 Be7 6. Nxe4 O-O 7. Nxf6+ Bxf6
8. Qd1 Re8+ 9. Be2 Qe7 10. d3 c6 11. d6 Qe6 12. c3 c5 13. Be3 b6 14. O-O Qxd6
15. Nd2 Be5 16. Bf3 Nc6 17. Nc4 Bxh2+ 18. Kh1 Qc7 19. Bxc6 Qxc6 20. Kxh2 b5 21.
Nd2 Bb7 22. Qg4 f5 23. Qg3 Re6 24. Nf3 Rg6 25. Ne5 {Normal} 1-0

[Event "Rated Blitz game"]
[Site "?"]
[Date "2021.05.03"]
[Round "?"]
[White "JiRoS99"]
[Black "annaly1979"]
[Result "0-1"]
[WhiteElo "2453"]
[BlackElo "2396"]
[PlyCount "68"]
[EventDate "2021.??.??"]
[EventType "blitz"]

1. e4 e5 2. Nf3 d5 3. exd5 e4 4. Nd4 c5 5. Nb3 f5 6. Nc3 Nf6 7. Bb5+ Nbd7 8.
O-O Bd6 9. h3 O-O 10. d4 b6 11. Bc6 Rb8 12. dxc5 Nxc5 13. Nxc5 bxc5 14. Nb5 Be5
15. Nxa7 Ba6 16. Ba4 Bxf1 17. Nc6 Qd6 18. Kxf1 Ra8 19. Bb3 Kh8 20. a4 f4 21. a5
e3 22. a6 exf2 23. Qf3 Nd7 24. a7 Nb6 25. Ra6 c4 26. Rxb6 cxb3 27. Rxb3 h6 28.
Rb8 Qf6 29. Nxe5 Qxe5 30. Rxf8+ Rxf8 31. Kxf2 Qd4+ 32. Ke2 Qxa7 33. Bxf4 Qd4
34. Be3 Qc4+ {Normal} 0-1

[Event "Rated Blitz game"]
[Site "?"]
[Date "2021.05.03"]
[Round "?"]
[White "MagistrchessRu"]
[Black "Jomajo"]
[Result "1-0"]
[WhiteElo "2485"]
[BlackElo "2655"]
[PlyCount "155"]
[EventDate "2021.??.??"]
[EventType "blitz"]

1. e4 e5 2. Nf3 d5 3. exd5 e4 4. Qe2 Qe7 5. Nd4 Nf6 6. Nc3 Qe5 7. Nb3 Nbd7 8.
g3 Bb4 9. f3 exf3 10. Qxe5+ Nxe5 11. Bb5+ Bd7 12. Bxd7+ Kxd7 13. d4 Neg4 14. h3
Rhe8+ 15. Kf1 Ne3+ 16. Bxe3 Rxe3 17. Kf2 Rae8 18. Rhe1 Rxe1 19. Rxe1 Rxe1 20.
Kxe1 Ne4 21. Nc5+ Nxc5 22. dxc5 Bxc5 23. Ne4 Bb6 24. g4 h6 25. c4 Bd4 26. b3 g6
27. Kd2 f5 28. gxf5 gxf5 29. Ng3 f4 30. Nf5 Bf6 31. Ke1 h5 32. Kf2 c6 33. Kxf3
cxd5 34. cxd5 Be5 35. Ke4 Bc7 36. Ng7 Kd6 37. Nxh5 f3 38. Kxf3 Kxd5 39. Kg4 Be5
40. Kg5 b5 41. Nf6+ Ke6 42. Ng4 Bc7 43. h4 Bd8+ 44. Kh5 Kf5 45. Ne3+ Ke4 46.
Ng4 b4 47. Nh6 a5 48. Nf7 Be7 49. Ng5+ Kf5 50. Nf7 Ke4 51. Ng5+ Kd3 52. Kg6 Kc3
53. h5 Bd6 54. Nf7 Bf8 55. Ng5 Kb2 56. Ne6 Bd6 57. h6 Be5 58. Ng7 Kxa2 59. h7
Kxb3 60. h8=Q Bc3 61. Qg8+ Ka3 62. Qd5 a4 63. Qc5 Kb2 64. Nf5 a3 65. Ne3 a2 66.
Nd1+ Kb1 67. Nxc3+ bxc3 68. Qb4+ Kc2 69. Qa3 Kb1 70. Qb3+ Ka1 71. Qxc3+ Kb1 72.
Qb3+ Ka1 73. Qa3 Kb1 74. Qb3+ Ka1 75. Qd1+ Kb2 76. Qd2+ Ka1 77. Qd4+ Kb1 78.
Qe5 {Time forfeit} 1-0

[Event "Rated Blitz game"]
[Site "?"]
[Date "2021.05.03"]
[Round "?"]
[White "Ratbel"]
[Black "KinzyabulatovRenat"]
[Result "0-1"]
[WhiteElo "2417"]
[BlackElo "2363"]
[PlyCount "64"]
[EventDate "2021.??.??"]
[EventType "blitz"]

1. e4 e5 2. Nf3 d5 3. Nxe5 Bd6 4. d4 dxe4 5. Nc4 Nf6 6. Nxd6+ Qxd6 7. c4 O-O 8.
Nc3 Nc6 9. Be3 Bg4 10. Be2 Bxe2 11. Nxe2 Rad8 12. h3 Qb4+ 13. Qd2 Qxc4 14. O-O
Nd5 15. Rfc1 Qa6 16. a3 Nce7 17. b4 Qe6 18. Nc3 Nxc3 19. Rxc3 Nd5 20. Rc5 b6
21. Rc2 f5 22. g3 f4 23. Bxf4 Nxf4 24. gxf4 Qxh3 25. Qe3 Qg4+ 26. Qg3 Qxf4 27.
Rxc7 Qxg3+ 28. fxg3 Rf7 29. Rxf7 Kxf7 30. Re1 Rxd4 31. Kf2 Ke6 32. Ke3 Ke5 {
Normal} 0-1

[Event "Rated Blitz game"]
[Site "?"]
[Date "2021.05.03"]
[Round "?"]
[White "pacome76"]
[Black "Slimslik02"]
[Result "1-0"]
[WhiteElo "2461"]
[BlackElo "2361"]
[PlyCount "151"]
[EventDate "2021.??.??"]
[EventType "blitz"]

1. e4 e5 2. Nf3 d5 3. exd5 e4 4. Qe2 Nf6 5. d3 Bb4+ 6. Bd2 Bxd2+ 7. Nbxd2 O-O
8. dxe4 Re8 9. O-O-O c6 10. dxc6 Qa5 11. a3 Nxc6 12. Qb5 Qc7 13. Bd3 a6 14. Qg5
h6 15. Qg3 Qa5 16. Nc4 Qc5 17. e5 Ng4 18. Nd6 Be6 19. Nxe8 Rxe8 20. Rhf1 b5 21.
h3 Ngxe5 22. Nxe5 Nxe5 23. Kb1 b4 24. Qe3 Nxd3 25. Rxd3 Qa5 26. Rfd1 Ba2+ 27.
Kxa2 Rxe3 28. Rxe3 bxa3 29. Rxa3 Qg5 30. g3 Qf5 31. Rxa6 Qxc2 32. Rd8+ Kh7 33.
Rb6 Qxf2 34. Rb3 Qa7+ 35. Ra3 Qc7 36. Rdd3 Qc4+ 37. Kb1 Qe4 38. h4 Qe1+ 39. Kc2
Qe2+ 40. Kc3 Kg6 41. b4 f5 42. Rb3 Qe5+ 43. Kc2 Qe2+ 44. Kc3 Qe6 45. b5 Qe5+
46. Kc4 Qe6+ 47. Kc3 Qe5+ 48. Rd4 Qe3+ 49. Kc4 Qe2+ 50. Kc5 Qc2+ 51. Kb4 Qf2
52. Rc4 Qd2+ 53. Ka4 Qa2+ 54. Kb4 Qd2+ 55. Kc5 Qf2+ 56. Kc6 Qg2+ 57. Kc7 Qe2
58. Rc6+ Kh7 59. b6 Qe7+ 60. Kb8 Qe8+ 61. Rc8 Qe5+ 62. Rc7 Qe8+ 63. Kb7 Qe4+
64. Ka7 Qa4+ 65. Kb8 Qxb3 66. b7 Qb6 67. Kc8 Qa6 68. Kd7 Qf6 69. Kc8 Qf7 70.
Rxf7 f4 71. Rc7 fxg3 72. b8=Q g2 73. Kb7 g1=Q 74. Qf8 Qb1+ 75. Kc6 Qa1 76. Kd7
{Time forfeit} 1-0

[Event "Rated Blitz game"]
[Site "?"]
[Date "2021.05.03"]
[Round "?"]
[White "di_mochalov"]
[Black "annaly1979"]
[Result "1-0"]
[WhiteElo "2432"]
[BlackElo "2399"]
[PlyCount "143"]
[EventDate "2021.??.??"]
[EventType "blitz"]

1. e4 e5 2. Nf3 d5 3. Nxe5 Qe7 4. d4 f6 5. Nf3 dxe4 6. Nfd2 f5 7. Nc3 Nf6 8. g3
Nc6 9. Bg2 Nxd4 10. Ndxe4 Nxe4 11. Nxe4 Nc6 12. O-O fxe4 13. Re1 Bf5 14. Qd5
Qe6 15. Qb5 O-O-O 16. Be3 a6 17. Qa4 Bd6 18. b4 Qc4 19. a3 Rhe8 20. Bf1 Qd5 21.
c4 Qe6 22. b5 Nb8 23. c5 Be5 24. Rab1 Bh3 25. bxa6 Nxa6 26. Bc4 Qg6 27. c6 Qxc6
28. Qxc6 bxc6 29. Bxa6+ Kd7 30. Bc4 Rb8 31. Rbd1+ Bd6 32. Bd4 Bg4 33. Rb1 Bxa3
34. Bxg7 Bd6 35. Rbc1 Bb4 36. Rf1 h5 37. Ra1 Bc5 38. Rfe1 e3 39. fxe3 Rxe3 40.
Rxe3 Bxe3+ 41. Kg2 Rb4 42. Bd3 Bd4 43. Bxd4 Rxd4 44. Bg6 Rd2+ 45. Kg1 Bh3 46.
Bxh5 Rg2+ 47. Kh1 Rf2 48. Rd1+ Kc8 49. Bg6 Kb7 50. Be4 Kb6 51. Rc1 c5 52. Rb1+
Ka5 53. Kg1 Re2 54. Bc6 c4 55. Rb5+ Ka6 56. Rc5 Re1+ 57. Kf2 Rf1+ 58. Ke3 Rc1
59. Bd5 Kb6 60. Rxc4 Rxc4 61. Bxc4 c5 62. Kf4 Ka5 63. g4 Kb4 64. Be6 Bf1 65. g5
Bc4 66. Bd7 Bb3 67. Bf5 c4 68. h4 c3 69. g6 Kc5 70. h5 Kd4 71. h6 Kc5 72. h7 {
Time forfeit} 1-0

[Event "Rated Blitz game"]
[Site "?"]
[Date "2021.05.03"]
[Round "?"]
[White "RAYO_PERU"]
[Black "KinzyabulatovRenat"]
[Result "0-1"]
[WhiteElo "2480"]
[BlackElo "2345"]
[PlyCount "70"]
[EventDate "2021.??.??"]
[EventType "blitz"]

1. e4 e5 2. Nf3 d5 3. Nxe5 Bd6 4. d4 dxe4 5. Nc4 Nf6 6. Nc3 O-O 7. Be2 Nc6 8.
Bg5 Be7 9. Be3 Bb4 10. O-O Bxc3 11. bxc3 Nd5 12. Bd2 f5 13. Ne3 Nf4 14. Bc4+
Kh8 15. Re1 Ne7 16. Nf1 Nfd5 17. Bb3 a5 18. a4 c6 19. c4 Nf6 20. Bc3 f4 21. g3
Ng6 22. d5 c5 23. Nd2 e3 24. fxe3 fxg3 25. hxg3 Qd6 26. Qe2 Qxg3+ 27. Qg2 Qd6
28. e4 Ng4 29. e5 N4xe5 30. Ne4 Qd8 31. Nxc5 Nf3+ 32. Kf2 Nfh4+ 33. Kg1 Nxg2
34. Rf1 N2f4 35. Kf2 Nxd5+ {Time forfeit} 0-1

[Event "Rated Blitz game"]
[Site "?"]
[Date "2021.05.03"]
[Round "?"]
[White "MagistrchessRu"]
[Black "Jomajo"]
[Result "0-1"]
[WhiteElo "2491"]
[BlackElo "2649"]
[PlyCount "42"]
[EventDate "2021.??.??"]
[EventType "blitz"]

1. e4 e5 2. Nf3 d5 3. Nxe5 Bd6 4. d4 dxe4 5. Nc4 Nf6 6. Be2 Nc6 7. O-O Nxd4 8.
Nxd6+ Qxd6 9. c3 Nxe2+ 10. Qxe2 O-O 11. h3 Bf5 12. Be3 Nd5 13. Nd2 Rad8 14. Nc4
Qe6 15. Rad1 Bg6 16. Rd2 Nxe3 17. Nxe3 Qxa2 18. Rfd1 Rxd2 19. Rxd2 Qe6 20. Qb5
b6 21. Rd7 c6 {Normal} 0-1

[Event "Rated Rapid game"]
[Site "?"]
[Date "2021.05.03"]
[Round "?"]
[White "Melladov"]
[Black "Bismillah114"]
[Result "1-0"]
[WhiteElo "2839"]
[BlackElo "2817"]
[PlyCount "43"]
[EventDate "2021.??.??"]
[EventType "rapid"]

1. e4 e5 2. Nf3 d5 3. exd5 e4 4. Qe2 Nf6 5. d3 Bb4+ 6. Bd2 O-O 7. dxe4 Bc5 8.
Nc3 Bg4 9. O-O-O Re8 10. h3 Bxf3 11. gxf3 c6 12. Bg5 Qb6 13. Bxf6 gxf6 14. Na4
Qa5 15. Nxc5 Qxc5 16. Rg1+ Kf8 17. Qd2 cxd5 18. Qh6+ Ke7 19. Rxd5 Qxf2 20. Qf4
Nd7 21. Qd6+ Kd8 22. Qxd7# {Normal} 1-0

[Event "Rated Blitz game"]
[Site "?"]
[Date "2021.05.03"]
[Round "?"]
[White "Shahnazcity"]
[Black "Gifroy"]
[Result "1-0"]
[WhiteElo "2507"]
[BlackElo "2434"]
[PlyCount "59"]
[EventDate "2021.??.??"]
[EventType "blitz"]

1. e4 e5 2. Nf3 d5 3. exd5 e4 4. Qe2 Nf6 5. Nc3 Be7 6. Nxe4 O-O 7. Nxf6+ Bxf6
8. Qd1 Re8+ 9. Be2 Qe7 10. d4 c6 11. dxc6 Nxc6 12. c3 Bg4 13. Be3 Rac8 14. O-O
Qc7 15. h3 Bf5 16. Bd3 Bd7 17. Bg5 Bxg5 18. Nxg5 h6 19. Qh5 hxg5 20. Qh7+ Kf8
21. Rae1 Re6 22. d5 Rxe1 23. Rxe1 Ne5 24. Qh8+ Ke7 25. Qxg7 Re8 26. Rxe5+ Kd8
27. Qxg5+ Kc8 28. Rxe8+ Bxe8 29. Bf5+ Kb8 30. Qg3 {Normal} 1-0

[Event "Rated Blitz game"]
[Site "?"]
[Date "2021.05.03"]
[Round "?"]
[White "murghimaster"]
[Black "Gifroy"]
[Result "1-0"]
[WhiteElo "2380"]
[BlackElo "2422"]
[PlyCount "57"]
[EventDate "2021.??.??"]
[EventType "blitz"]

1. e4 e5 2. Nf3 d5 3. exd5 e4 4. Ne5 Qxd5 5. d4 exd3 6. Nxd3 Nc6 7. Nc3 Bb4 8.
Bd2 Bxc3 9. Bxc3 Nf6 10. Nb4 Qe4+ 11. Qe2 Nxb4 12. Bxb4 Be6 13. Qxe4 Nxe4 14.
f3 Nd6 15. b3 O-O-O 16. O-O-O Nf5 17. Bd3 Ne3 18. Rd2 Nd5 19. Ba3 Nf4 20. Bf1
Rxd2 21. Kxd2 Rd8+ 22. Ke3 Nd5+ 23. Kd2 Nb4+ 24. Kc3 Nd5+ 25. Kd2 Nb4+ 26. Kc3
Nxa2+ 27. Kb2 Rd1 28. Kxa2 b6 29. Ba6+ {Normal} 1-0

[Event "Rated Blitz game"]
[Site "?"]
[Date "2021.05.03"]
[Round "?"]
[White "ehud50"]
[Black "annaly1979"]
[Result "1-0"]
[WhiteElo "2441"]
[BlackElo "2416"]
[PlyCount "57"]
[EventDate "2021.??.??"]
[EventType "blitz"]

1. e4 e5 2. Nf3 d5 3. Nxe5 Qe7 4. d4 f6 5. Nf3 dxe4 6. Nfd2 f5 7. c4 Nf6 8. Nc3
Nc6 9. Nb3 Qf7 10. Bf4 Bd6 11. Bxd6 cxd6 12. Be2 O-O 13. Qc2 Kh8 14. a3 a5 15.
d5 Ne5 16. Nd4 Bd7 17. O-O a4 18. Ncb5 Qe7 19. Nc7 Rac8 20. Nce6 Bxe6 21. Nxe6
Rfe8 22. Qxa4 b5 23. Qxb5 Rb8 24. Qa4 Rxb2 25. Rfe1 Nfg4 26. Bxg4 Nxg4 27. Rab1
Rxf2 28. h3 Qh4 29. Qxe8# {Normal} 1-0

[Event "Rated Blitz game"]
[Site "?"]
[Date "2021.05.03"]
[Round "?"]
[White "Duraco7"]
[Black "annaly1979"]
[Result "1-0"]
[WhiteElo "2454"]
[BlackElo "2410"]
[PlyCount "59"]
[EventDate "2021.??.??"]
[EventType "blitz"]

1. e4 e5 2. Nf3 d5 3. exd5 e4 4. Qe2 f5 5. d3 Nf6 6. dxe4 fxe4 7. Bg5 Be7 8.
Bxf6 Bxf6 9. Qxe4+ Kf7 10. Be2 Re8 11. Qxh7 Bxb2 12. O-O Rxe2 13. Qh5+ g6 14.
Ng5+ Kf8 15. Qxg6 Qf6 16. Nh7+ Ke7 17. Nxf6 Bxf6 18. Qh7+ Kf8 19. Qxc7 Na6 20.
Qf4 Kg7 21. Nd2 Bxa1 22. Rxa1 Bd7 23. Nf3 Rae8 24. Qg5+ Kf7 25. h4 Nc5 26. h5
Ne4 27. Qg6+ Kf8 28. h6 Re7 29. h7 Rxh7 30. Qxh7 {Normal} 1-0

[Event "Rated Blitz game"]
[Site "?"]
[Date "2021.05.03"]
[Round "?"]
[White "Capitan-FE"]
[Black "sssssss007"]
[Result "1-0"]
[WhiteElo "2402"]
[BlackElo "2398"]
[PlyCount "123"]
[EventDate "2021.??.??"]
[EventType "blitz"]

1. e4 e5 2. Nf3 d5 3. Nc3 d4 4. Ne2 Bd6 5. Ng3 Ne7 6. h3 c5 7. Bc4 Nbc6 8. d3
O-O 9. a3 a6 10. O-O b5 11. Ba2 Ng6 12. Bd5 Bd7 13. Nf5 Be8 14. h4 Nge7 15.
Nxd6 Qxd6 16. Ba2 Bd7 17. Nh2 Be6 18. f4 Bxa2 19. Rxa2 exf4 20. Bxf4 Qe6 21.
Ra1 Ng6 22. Bg3 Nge5 23. Qh5 Rac8 24. Nf3 Nxf3+ 25. Qxf3 Ne5 26. Qf5 Rfe8 27.
Bxe5 Qxe5 28. Qxf7+ Kh8 29. Rf5 Qe6 30. Raf1 Qxf7 31. Rxf7 h6 32. Ra7 Re6 33.
Rff7 Rg6 34. Rfc7 Rxc7 35. Rxc7 c4 36. dxc4 bxc4 37. Rxc4 Rd6 38. e5 Re6 39.
Rxd4 Rxe5 40. Kf2 a5 41. b4 axb4 42. axb4 Kg8 43. c4 Re7 44. b5 Rc7 45. Ke3 Kf7
46. Kd3 Ke6 47. Kc3 g5 48. Kb4 gxh4 49. Rxh4 Rh7 50. c5 Kd7 51. b6 Kc8 52. Kb5
Kb8 53. c6 Rg7 54. Rxh6 Rg5+ 55. Ka6 Rg8 56. Rh7 Rf8 57. Ra7 Rf6 58. c7+ Kc8
59. Ra8+ Kd7 60. c8=Q+ Ke7 61. Qe8+ Kd6 62. Rd8+ {Normal} 1-0

[Event "Rated Blitz game"]
[Site "?"]
[Date "2021.05.03"]
[Round "?"]
[White "Arps89"]
[Black "david_gomez"]
[Result "1-0"]
[WhiteElo "2533"]
[BlackElo "2514"]
[PlyCount "38"]
[EventDate "2021.??.??"]
[EventType "blitz"]

1. e4 e5 2. Nf3 d5 3. exd5 Bf5 4. Nc3 Bd6 5. d4 e4 6. Ne5 Nf6 7. Bb5+ c6 8.
dxc6 bxc6 9. Nxc6 Nxc6 10. Bxc6+ Kf8 11. Bxa8 Qxa8 12. O-O h5 13. Bg5 Ng4 14.
h3 Nh6 15. Re1 f6 16. Bxh6 Rxh6 17. d5 Rg6 18. Nxe4 Be5 19. Qxh5 Qc8 {Normal}
1-0